Biomedical ethics and the law /

Bibliographic Details
Other Authors: Humber, James M., Almeder, Robert F.
Format: Book
Language:English
Published: New York : Plenum Press, [1976]
Subjects:

MARC

Tag First Indicator Second Indicator Subfields
LEADER 00000pam a2200000 i 4500
001 in00000336248
005 20151011055049.0
008 760406s1976 nyua b 00100 eng
010 |a  76012495  
020 |a 0306309025 :  |c $19.50 
035 |a (OCoLC)02164915 
035 |9 ABM2072AM 
040 |a DLC  |c DLC  |d TXA  |d UtOrBLW 
049 |a TXAM  |c 2 [1572931] 
050 0 0 |a LAW 
060 0 |a W50 B615 
082 0 |a 179/.7 
090 |a RA1054  |b  B5 
096 |a W 50 B615 1976 
245 0 0 |a Biomedical ethics and the law /  |c edited by James M. Humber and Robert F. Almeder. 
264 1 |a New York :  |b Plenum Press,  |c [1976] 
264 4 |c ©1976 
300 |a xi, 541 pages :  |b illustrations ;  |c 24 cm. 
336 |a text  |b txt  |2 rdacontent 
337 |a unmediated  |b n  |2 rdamedia 
338 |a volume  |b nc  |2 rdacarrier 
504 |a Includes bibliographies and index. 
650 0 |a Medical laws and legislation. 
650 0 |a Medical ethics. 
650 2 |a Ethics, Medical  |x Collected works. 
650 2 |a Jurisprudence  |x collected works. 
700 1 |a Humber, James M. 
700 1 |a Almeder, Robert F. 
999 |a MARS 
999 f f |s 958fa2fc-a60f-3b6f-b675-98c26858ca77  |i 2a0c51a1-a8ce-35f0-aba6-ba3d15d31d14  |t 0 
952 f f |p ric  |a Texas A&M University  |b Rellis Campus  |c Joint Library Facility  |d Remote Storage  |t 0  |e RA1054 B5  |h Library of Congress classification  |i unmediated -- volume  |m A14803226199 
998 f f |a RA1054 B5  |t 0  |l Remote Storage